[Event "Katowice POL-HUN 10th"]
[Site "Katowice"]
[Date "2023.09.09"]
[Round "1"]
[White "Bartel, Mateusz"]
[Black "Wajda, Krzysztof"]
[Result "1-0"]
[WhiteElo "2621"]
[BlackElo "1688"]
[PlyCount "51"]
[EventDate "2023.09.09"]
[EventType "swiss (rapid)"]
[EventRounds "9"]
[EventCountry "POL"]
[SourceTitle "EXT 2024"]
[Source "ChessBase"]
[SourceDate "2023.10.10"]
[SourceVersion "1"]
[SourceVersionDate "2023.10.10"]
[SourceQuality "1"]

1. d4 d5 2. c4 e6 3. Nf3 Nf6 4. g3 c5 5. Bg2 Nc6 6. 0-0 Be7 7. cxd5 exd5 8. Nc3 cxd4 9. Nxd4 0-0 10. b3 Bg4 11. h3 Bh5 12. Bb2 Re8 13. Rc1 Bb4 14. g4 Bg6 15. Nf5 Bxf5 16. gxf5 Bxc3 17. Rxc3 Qd7 18. Rg3 Qd6 19. Qd2 Nh5 20. Qg5 g6 21. Qxh5 Ne5 22. Qh6 d4 23. Rd1 Nc6 24. Bxc6 Qxc6 25. Bxd4 f6 26. fxg6 1-0

[Event "POL-chT U18 1st"]
[Site "Poland"]
[Date "2022.06.28"]
[Round "4.4"]
[White "Wajda, Krzysztof"]
[Black "Jamrozik, Maciej"]
[Result "1/2-1/2"]
[WhiteElo "1522"]
[BlackElo "1253"]
[PlyCount "93"]
[EventDate "2022.06.25"]
[EventType "team-swiss"]
[EventRounds "9"]
[EventCountry "POL"]
[SourceTitle "EXT 2023"]
[Source "ChessBase"]
[SourceDate "2022.10.05"]
[SourceVersion "1"]
[SourceVersionDate "2022.10.05"]
[SourceQuality "1"]
[WhiteTeam "Wieliczka MKS MOS"]
[BlackTeam "Myslenice MAT"]
[WhiteTeamCountry "POL"]
[BlackTeamCountry "POL"]

1. d4 d5 2. c4 e6 3. Nf3 Nf6 4. e3 Be7 5. b3 0-0 6. Bd3 b6 7. 0-0 Bb7 8. Bb2 Nbd7 9. Nc3 c5 10. Rc1 Rc8 11. Qe2 cxd4 12. exd4 Re8 13. Rfd1 Nb8 14. Ne5 Nc6 15. cxd5 exd5 16. Nxc6 Bxc6 17. Qf3 Bd6 18. Rc2 Ne4 19. Rdc1 Qd7 20. Ba6 Bb7 21. Bxb7 Qxb7 22. Nxe4 Rxc2 23. Rxc2 dxe4 24. Qc3 h6 25. d5 Be5 26. Qc6 Qxc6 27. dxc6 Bxb2 28. Rxb2 Rc8 29. Rc2 Kf8 30. f3 exf3 31. gxf3 Ke7 32. b4 b5 33. a4 a6 34. axb5 axb5 35. Rc5 Kd6 36. Rxb5 Kxc6 37. Rc5+ Kd7 38. Ra5 Rc7 39. Kf2 Rb7 40. Rf5 Ke6 41. Rf4 g5 42. Re4+ Kd5 43. Ke3 f5 44. Rd4+ Ke5 45. Kd3 h5 46. Rc4 Rb5 47. h3 1/2-1/2